000 00284nam a22001337a 4500
008 170629b xxu||||| |||| 00| 0 eng d
020 _a9780764102844
041 _aeng
080 _a05
100 _a22
101 _aGJL
245 _a501 GERMAN VERBS
_cSTRUTZ, H
942 _2udc
_cBK
999 _c19529
_d19529